Home and community improvement through gardening and landscaping : a plan for individual and group action.
Saved in:
| Corporate Author: | |
|---|---|
| Format: | Book |
| Language: | English |
| Published: |
Washington, D.C. :
United States Department of Agriculture,
1955.
|
| Subjects: | |
| Tags: |
Add Tag
No Tags, Be the first to tag this record!
|
| LEADER | 00592nam a22001697u 4500 | ||
|---|---|---|---|
| 001 | 000000187-2 | ||
| 005 | 20020606090541.3 | ||
| 008 | 821202|1955 ||||||| |||| |0||||eng|d | ||
| 035 | 0 | |a ocn188263227 | |
| 245 | 0 | 0 | |a Home and community improvement through gardening and landscaping : |b a plan for individual and group action. |
| 260 | 0 | |a Washington, D.C. : |b United States Department of Agriculture, |c 1955. | |
| 300 | |a 5 p. ; |c 23 cm. | ||
| 500 | |a Federal Extension Service P.A. 262. | ||
| 650 | 0 | |a Landscape gardening. | |
| 710 | 1 | |a United States. |b Federal Extension Service. | |
| 988 | |a 20020608 | ||
| 906 | |0 MH | ||


